Nghiên cứu thiết kế chế tạo thử nghiệm hệ thống cơ cấu cáp đu trượt thoát hiểm nhà cao tầng : Báo cáo tổng kết đề tài khoa học cấp Trường
Bewaard in:
| Hoofdauteur: | |
|---|---|
| Formaat: | Boek |
| Taal: | Undetermined |
| Gepubliceerd in: |
Đại học Công nghiệp TP. Hồ Chí Minh
2025
|
| Onderwerpen: | |
| Tags: |
Voeg label toe
Geen labels, Wees de eerste die dit record labelt!
|
| Thư viện lưu trữ: | Trung tâm Thư viện - Trường Đại học Công nghiệp TP. Hồ Chí Minh |
|---|
| LEADER | 00822nam a2200157Ia 4500 | ||
|---|---|---|---|
| 001 | IUH_2025_00556 | ||
| 008 | 251224s9999 xx 000 0 und d | ||
| 082 | |a 621.8 | ||
| 100 | |a Nguyễn, Đức Nam | ||
| 245 | 0 | |a Nghiên cứu thiết kế chế tạo thử nghiệm hệ thống cơ cấu cáp đu trượt thoát hiểm nhà cao tầng : Báo cáo tổng kết đề tài khoa học cấp Trường | |
| 245 | 0 | |c Nguyễn, Đức Nam | |
| 260 | |b Đại học Công nghiệp TP. Hồ Chí Minh | ||
| 260 | |c 2025 | ||
| 650 | |a Công nghệ chế tạo; Hệ thống thoát hiểm cho nhà cao tầng; | ||
| 927 | |a Đề tài khoa học | ||
| 980 | |a Trung tâm Thư viện - Trường Đại học Công nghiệp TP. Hồ Chí Minh | ||